000 00364nam a2200133Ia 4500
008 220217s9999||||xx |||||||||||||| ||und||
020 _a981-243-899-8
082 _a621.382 2 CRI
100 _aCristi, Roberto
_93402
245 0 _aModern digital signal processing
260 _aThomsan
_bAustralia
_c2004
300 _b288
650 _aSIGNAL PROCESSING
_9719
999 _c172529
_d172529